Normal view
MARC view
Entry Personal Name
001 - CONTROL NUMBER
- control field: 79660
003 - CONTROL NUMBER IDENTIFIER
- control field: dpl
005 - DATE AND TIME OF LATEST TRANSACTION
- control field: 20250317124226.0
008 - FIXED-LENGTH DATA ELEMENTS
- fixed length control field: 250317|| aca||aabn | a|a d
040 ## - CATALOGING SOURCE
- Original cataloging agency: dpl
- Transcribing agency: dpl
100 ## - HEADING--PERSONAL NAME
- Personal name: Lakshmi, K.J. Vijaya
670 ## - SOURCE DATA FOUND
- Source citation: Work cat.: (dpl)210313: Lakshmi, K.J. Vijaya, Advanced Corporate Accounting;, 2022
